| 000 | 00361nam a22001457a 4500 | ||
|---|---|---|---|
| 003 | SGT | ||
| 082 |
_a617.632 _bF23Y |
||
| 100 | _aYadav, Garima | ||
| 245 | _aFacial Translocation | ||
| 260 |
_aGurugram, Haryana _bSGT University _c2023 |
||
| 300 | _a66 | ||
| 650 | _aOral and Maxillofacial Surgery | ||
| 653 | _aOral and Maxillofacial Surgery | ||
| 942 |
_2ddc _cTH |
||
| 999 |
_c23807 _d23807 |
||